000 00751nam a2200205Ia 4500
005 20241129110154.0
008 241129s9999||||xx |||||||||||||| ||und||
037 _aTB
040 _aARTS
_bpun
_cARTS
041 _apun
_2pun
084 _aO153,3:g R2
_qARTS
100 _aਕੌਰ, ਤੇਜਿੰਦਰ, ਚ।
245 0 _aਪਰਵਾਸੀ ਪੰਜਾਬੀ ਕਹਾਣੀ ਦਸ਼ਾ ਤੇ ਦਿਸ਼ਾ
_cਕੌਰ, ਤੇਜਿੰਦਰ, ਚ।
260 _aਲੁਧਿਆਨਾ, ਭਾਰਤ
_bਲੁਧਿਆਨਾ ਜੀ ਜੀ ਐਨ ਗ੍ਰਾਫਿਕਸ
_c2023
300 _a214ਪ੍ਰ0
365 _aINR
_b300
650 _aPunjabi Fiction
_9179734
942 _cTB
_hO153,3:g R2
999 _c1227595
_d1227595